Možnosti využitia informačno-komunikačných technológií pri riadení malých a stredných podnikov

Využívanie informačno-komunikačných technológií v malých a stredných podnikoch v podmienkach Slovenskej republiky. Možnosti využitia IKT pre zvyšovanie kvality riadenia. Rýchly rozvoj elekronického podnikania. Rastúca konkurencia a globalizácia.

Salvato in:
Dettagli Bibliografici
Autore principale: Žiar, Daniel
Natura: Capitolo di libro
Lingua:slovacco
Soggetti:
Tags: Aggiungi Tag
Nessun Tag, puoi essere il primo ad aggiungerne!!

MARC

LEADER 00000naa$a2200000$$$4500
001 0115831
005 20240502072306.5
041 0 |a slo 
044 |a SK 
245 1 0 |a Možnosti využitia informačno-komunikačných technológií pri riadení malých a stredných podnikov  |c Daniel Žiar 
520 |a Využívanie informačno-komunikačných technológií v malých a stredných podnikoch v podmienkach Slovenskej republiky. Možnosti využitia IKT pre zvyšovanie kvality riadenia. Rýchly rozvoj elekronického podnikania. Rastúca konkurencia a globalizácia. 
610 2 0 |a podnik malý 
610 2 0 |a podnik stredný 
610 2 0 |a riadenie kvality 
610 2 0 |a efektívnosť podnikania 
610 2 0 |a podnikanie elektronické 
610 2 0 |a technológie informačné 
610 2 0 |a technológie komunikačné 
610 2 0 |a globalizácia 
610 2 0 |a konkurencia 
100 1 |a Žiar, Daniel